书目信息 |
| 题名: |
数学解题中的动态思维
|
|
| 作者: | 徐本顺 主编 | |
| 分册: | ||
| 出版信息: | 郑州 河南科学技术出版社 1997.01 |
|
| 页数: | 232页 | |
| 开本: | 32开 | |
| 丛书名: | ||
| 单 册: | ||
| 中图分类: | G633.6 | |
| 科图分类: | ||
| 主题词: | 教育--各级 | |
| 电子资源: | ||
| ISBN: | 7-5349-1933-9 | |
| 000 | 00576nam0 2200193 45 | |
| 001 | 0008020905 | |
| 005 | 20000802090300.5 | |
| 010 | @a7-5349-1933-9@d8.50元 | |
| 100 | @a20000802d1997 km y0chiy0120 ea | |
| 101 | 0 | @achi |
| 105 | @a z 000yy | |
| 200 | 1 | @a数学解题中的动态思维@AShu Xue Jie Ti Zhong De Dong Tai Si Wei@f徐本顺 主编@FXu Ben Shun Zhu Bian |
| 210 | @a郑州@c河南科学技术出版社@d1997.01 | |
| 215 | @a232页@d32开 | |
| 606 | 0 | @a教育@x各级 |
| 690 | @aG633.6@v3 | |
| 701 | 0 | @a徐本顺@4主编 |
| 801 | @aCN@bPftUser@c20000802 | |
| 905 | @b85396-405@dG633.6@eX777/1@f10 | |
| 数学解题中的动态思维/徐本顺 主编.-郑州:河南科学技术出版社,1997.01 |
| 232页;32开 |
| ISBN 7-5349-1933-9:8.50元 |
| ● |
| 相关链接 |
|
|
|
正题名:数学解题中的动态思维
索取号:G633.6/X777/1
 
预约/预借
| 序号 | 登录号 | 条形码 | 馆藏地/架位号 | 状态 | 备注 |
| 1 | 85396 | 200853969 | 社科库409/ [索取号:G633.6/X777/1] | 在馆 | |
| 2 | 85397 | 200853978 | 社科库409/409社科库 7排4列1层/ [索取号:G633.6/X777/1] | 在馆 | |
| 3 | 85398 | 200853987 | 社科库409/409社科库 7排4列1层/ [索取号:G633.6/X777/1] | 在馆 | |
| 4 | 85399 | 200853996 | 社科库409/409社科库 7排4列1层/ [索取号:G633.6/X777/1] | 在馆 | |
| 5 | 85400 | 200854003 | 社科库409/409社科库 7排4列1层/ [索取号:G633.6/X777/1] | 在馆 | |
| 6 | 85401 | 200854012 | 社科库409/409社科库 7排4列1层/ [索取号:G633.6/X777/1] | 在馆 | |
| 7 | 85402 | 200854021 | 社科库409/ [索取号:G633.6/X777/1] | 在馆 | |
| 8 | 85403 | 200854030 | 社科库409/409社科库 7排4列1层/ [索取号:G633.6/X777/1] | 在馆 | |
| 9 | 85404 | 200854049 | 社科库409/409社科库 7排4列1层/ [索取号:G633.6/X777/1] | 在馆 | |
| 10 | 85405 | 200854058 | 社科库409/409社科库 7排4列1层/ [索取号:G633.6/X777/1] | 在馆 |